[Event "RUS-chT Blitz Men 2018"]
[Site "Sochi"]
[Date "2018.10.10"]
[Round "8"]
[White "Hasangatin, Ramil"]
[Black "Derjabin, Ilja"]
[Result "0-1"]
[WhiteElo "2496"]
[BlackElo "2345"]
[Annotator "TA"]
[PlyCount "110"]
[EventDate "2018.10.10"]
[EventType "swiss"]
[EventCountry "RUS"]
[SourceTitle "playchess.com"]
[Source "ChessBase"]
[SourceQuality "1"]

{[%evp 9,110,0,0,0,6,-6,10,0,7,15,0,-3,0,-12,0,-35,-6,-38,-29,-37,-17,-20,-20,-25,-19,-30,-15,-18,-13,-35,-34,-29,-29,-29,-22,-44,-28,-23,-14,0,-4,-11,-7,-50,-17,-113,-113,-117,-114,-114,-110,-128,-120,-120,5,-120,-69,-122,-120,-148,-138,-247,-251,-252,-183,-181,-192,-258,-165,-326,-327,-764,-472,-567,-569,-584,-579,-708,-542,-587,-586,-615,-572,-841,-480,-717,-713,-710,-687,-728,-696,-801,-792,-992,-489,-954,-943,-1186,-1054,-1326,-1307,-1714,-1290]} 1. d4 Nf6 2. Bf4 c5 3. e3 Qb6 4. Nc3 e6 (4... a6 5. Bc4 cxd4 6. exd4 e6 7. Nge2 d5 8. Bb3 Bd7 9. O-O Be7 10. Qe1 O-O 11. Rd1 Nc6 {1-0 (23) Aronian,L (2767)-Giri,A (2782) chess.com INT 2018}) 5. Rb1 Be7 6. Nf3 {A45: Trompowsky Attack} O-O 7. Be2 $146 ({Predecessor:} 7. h4 Nc6 8. a3 cxd4 9. exd4 d5 10. Bd3 Bd7 11. Bg5 Rfc8 {0-1 (31) Pates,C (1774)-Kuuse,K (1802) ICCF email 2015}) 7... d5 8. dxc5 {The position is equal.} Bxc5 9. O-O Be7 {[%cal Bc5e7,Be7f6,Bf6g7][%mdl 32]} 10. Bd3 Nbd7 11. b4 a6 12. Qd2 Nh5 13. Ne2 Nxf4 14. exf4 Bf6 15. c3 g6 16. Ned4 Bg7 17. Rfe1 Nf6 18. Ne5 Bd7 19. a3 Rfd8 20. Rbc1 Be8 21. Qe3 Rac8 22. g3 Qd6 23. Nb3 h5 24. h4 Bb5 25. Bxb5 axb5 26. Nd4 Qb6 27. Nb3 (27. Kg2 $11 {remains equal.}) 27... Qxe3 $17 28. Rxe3 Ne4 29. Nd4 {[#]} Nd6 $1 30. Rd3 Ra8 31. Ra1 Kf8 ({Black should try} 31... Ra6 $17 32. Kg2 Rc8) 32. Kf1 (32. Nxg6+ $11 Kg8 33. Ne5) 32... Ke7 33. Ke2 (33. Re1 $1 $15) 33... Rdc8 34. f3 Nf5 35. Nxf5+ (35. Kf2 $17 {was worth a try.}) 35... gxf5 $19 36. Re3 Rc7 37. Kd2 Bf6 38. Kc2 (38. g4 $142) 38... Rf8 39. Rg1 $2 (39. Rd1 {was necessary.}) 39... Rg8 40. Nd3 $2 (40. g4) 40... Bxh4 {Black is clearly winning.} 41. Rh1 Bxg3 42. Kb3 h4 43. Re2 b6 44. Rc2 Rgc8 45. Kb2 f6 46. Kb3 Kd6 {White must now prevent ...d4!} 47. Rcc1 (47. Nc1 $142) 47... e5 {[%cal Be6e5,Be5e4][%mdl 32]} 48. Nb2 e4 49. Rc2 Bxf4 50. Nd1 Bg3 51. Rd2 {[#]} f4 (51... e3 $142 $1 52. Rb2 (52. Nxe3 Rxc3+) 52... f4) 52. Re2 (52. fxe4 $142 d4 53. Kb2) 52... Ke5 53. Rc2 f5 54. Nb2 e3 55. c4 d4 {Precision: White = 25%, Black = 57%.} 0-1

[Event "RUS-chT Blitz Men 2018"]
[Site "Sochi"]
[Date "2018.10.10"]
[Round "8"]
[White "Afanasiev, Nikita"]
[Black "Dilmukhametov, Artur"]
[Result "0-1"]
[WhiteElo "2487"]
[BlackElo "2353"]
[Annotator "TA"]
[PlyCount "142"]
[EventDate "2018.10.10"]
[EventType "swiss"]
[EventCountry "RUS"]
[SourceTitle "playchess.com"]
[Source "ChessBase"]
[SourceQuality "1"]

{[%evp 17,142,-25,-25,-22,-10,-39,-43,-51,-52,-70,-57,-73,-76,-79,-73,-68,-67,-51,-44,-125,-91,-97,-53,-37,-37,-41,-45,-112,-85,-110,-103,-116,-129,-139,-42,-102,0,-136,0,-40,-39,-36,-39,-75,-51,-97,0,-210,-166,-120,-110,-227,-211,-192,-151,-145,-68,-72,-60,-64,-64,-79,-62,-57,-35,-53,-45,-53,-37,-42,-28,-48,0,-29,0,-19,0,0,0,0,0,-77,-29,-33,0,-51,0,0,0,0,0,-210,-68,-492,-483,-499,-499,-639,-620,-639,-585,-869,-593,-1326,-1030,-1215,-952,-1274,-1144,-1273,-1126,-2989,-1930,-2589,-943,-2771,-2383,-12839,-12836,-12835,-12835,-12839,-12840,-12840,-12841,-12841,-12840]} 1. e4 e6 2. d4 d5 3. Bd3 dxe4 4. Bxe4 Nf6 5. Bf3 c5 6. Ne2 Nc6 {C01: French: Exchange Variation} 7. Be3 cxd4 (7... Nd5 8. Bxd5 Qxd5 9. Nbc3 Qxg2 10. Rg1 Qf3 11. Nb5 Rb8 12. dxc5 Bd7 13. Nc7+ Kd8 14. Nb5 {0-1 (54) Kramnik,V (2808)-Caruana,F (2808) Stavanger 2017}) 8. Nxd4 Ne5 9. Be2 Nd5 {LiveBook: 3 Games} 10. Bc1 Be7 (10... a6 {feels hotter.} 11. O-O Qc7 12. c4 Nf6 13. Be3 Bd7) 11. Nf3 $146 (11. c4 {feels hotter.} Nf6 12. Nc3 O-O 13. O-O Qc7 14. Ndb5) ({Predecessor:} 11. O-O O-O 12. c4 Nf6 13. Nc3 Bd7 14. Bf4 {½-½ (36) Zubarev,A (2565)-Itkis,B (2348) Iasi 2015}) 11... Ng6 12. O-O O-O 13. Nbd2 b6 14. Re1 Bb7 15. Bf1 Qc7 16. c3 Rfd8 17. g3 Rac8 18. Bg2 ({Better is} 18. Qe2 $15) 18... b5 19. a3 Bc5 20. Qe2 a6 21. Ne4 Ba7 22. h4 (22. a4 $15) 22... Nge7 23. Kh2 h6 24. Ned2 Nf5 {aiming for ...Nde3!} 25. Ne4 Nd6 (25... Qb8 $17 {White must now prevent ...Rc4.} 26. Qc2 Bb6) 26. Nfd2 (26. Nxd6 $15 Rxd6 27. Ne5) 26... Nf5 {Strongly threatening ...Nxh4.} 27. Nf3 $1 Nd6 (27... Qb8 $17 {Threatens to win with ...Rc4.} 28. Kh1 Bb6) 28. Nxd6 Rxd6 29. Ne5 Rcd8 $36 {[%mdl 2048] Black is pushing.} 30. a4 b4 31. c4 {[#]} Nf6 (31... Ne7 $1 $17 32. Nf3 (32. Bxb7 Qxb7 33. c5 Bxc5 $15) 32... Bxf3 33. Bxf3 Rd4) 32. b3 $2 (32. Bf4 $11 {and White stays safe.}) 32... Bxg2 33. Kxg2 Bd4 34. Ra2 (34. Rb1 $17) 34... Bc3 35. Rf1 Qb7+ 36. Qf3 {[#]} Qxf3+ (36... Qc8 $1 $17 37. Re2 Bxe5 38. Rxe5 Nd7) 37. Nxf3 $15 Rd3 38. Be3 Ne4 39. Re2 Rc8 40. h5 Nc5 (40... Kf8 {is interesting.} 41. Rb1 Nf6 42. Rh1 Ke7 43. Ba7 Ke8) 41. Bxc5 Rxc5 42. Rh1 Bf6 43. Re3 Rd8 44. g4 Rc7 45. Rhe1 Rcd7 (45... Bc3 $5 {[%cal Rc3e1]} 46. Rb1 Rc5 $15) 46. R1e2 Rd3 47. Rxd3 Rxd3 $11 {[%mdl 4096] Endgame KRB-KRN} 48. Re3 Rd1 49. Ne1 (49. Re1 $11 Rd8 50. Ne5) 49... Bc3 50. Nd3 Rb1 51. a5 ({White should play} 51. c5 $11 Kf8 52. Re4 (52. c6 Ke7 $11)) 51... Rxb3 {[#]} (51... Kf8 $1 $15) 52. Nxb4 $1 {[%mdl 512]} Rxb4 53. Rxc3 $15 {KR-KR} Kf8 54. Rd3 $2 (54. Kg3 $11 {and White has nothing to worry.}) 54... Ke7 (54... Rxc4 $19 55. Kg3 Ra4) 55. c5 $2 {[%mdl 8192]} (55. Rc3 $15) 55... Rxg4+ $19 {Black is clearly winning.} 56. Kf3 Rc4 57. Rd6 Rxc5 58. Rxa6 Rxh5 59. Ra7+ Kf6 60. Kg3 Rb5 61. Kg2 g5 62. Ra8 h5 {[%cal Bh6h5,Bh5h4][%mdl 32]} 63. Kg1 Kf5 64. Kg2 f6 {[%cal Bf7f6,Bf6f5][%mdl 32]} 65. Kg1 h4 66. Kf1 Kf4 67. Kg2 f5 68. a6 Ra5 69. a7 e5 70. Kg1 g4 71. Kg2 Ra2 {Precision: White = 27%, Black = 53%.} 0-1

[Event "RUS-chT Blitz Men 2018"]
[Site "Sochi"]
[Date "2018.10.10"]
[Round "8"]
[White "Belyakov, Bogdan"]
[Black "Kobalia, Mikhail"]
[Result "0-1"]
[WhiteElo "2458"]
[BlackElo "2620"]
[Annotator "TA"]
[PlyCount "58"]
[EventDate "2018.10.10"]
[EventType "swiss"]
[EventCountry "RUS"]
[SourceTitle "playchess.com"]
[Source "ChessBase"]
[SourceQuality "1"]

{[%evp 10,57,-22,-34,-20,-29,-23,-24,-6,-27,-12,-91,-77,-78,-79,-114,-65,-80,-85,-81,-50,-71,-60,-70,-64,-78,-52,-48,-47,-127,-105,-149,-102,-364,-317,-304,-164,-581,-239,-631,-629,-1476,-1393,-29992,-29993,-29993,-29994,-29995,-29996,-29999]} 1. e4 e5 2. Nf3 Nc6 3. Nc3 Nf6 4. Be2 Bd6 (4... d5 5. exd5 Nxd5 6. O-O Nxc3 7. bxc3 e4 8. Ne1 Bd6 9. f3 f5 10. fxe4 fxe4 11. Rb1 Qe7 12. d4 exd3 13. cxd3 Bd7 14. Rxb7 O-O-O 15. Rb2 {1-0 (29) Van Foreest,J (2629)-Giri,A (2752) Amstelveen 2017}) 5. d4 exd4 6. Nxd4 {LiveBook: 3 Games. C47: Scotch Four Knights and Four Knights with 4 g3} O-O 7. Nxc6 bxc6 8. O-O {Black has an edge.} Re8 $146 ({Predecessor:} 8... Bb4 9. Bd2 d5 10. exd5 cxd5 11. a3 Bc5 12. Bg5 d4 13. Ne4 {1-0 (46) Richard,A-Quen,J IECC email 1997}) 9. Bd3 Be5 10. f4 (10. Bg5 $11 {keeps the balance.}) 10... Bxc3 11. bxc3 Nxe4 12. f5 f6 13. Qg4 d5 14. Bh6 {[%csl Gh6][%cal Rg4g7]} Qd7 15. Rae1 Kh8 16. Bxe4 dxe4 17. Be3 Ba6 18. Rf4 Bc4 $36 {[%mdl 2048] Black fights for an advantage.} 19. Bd4 (19. Rxe4 $15 Rxe4 20. Qxe4 Bxa2 21. Qd3 Qxd3 22. cxd3) 19... Bxa2 $17 20. Re3 Rab8 {...Rb1+ is the strong threat.} 21. Qh5 $2 {[%mdl 8192] [#]} (21. Rfxe4 $17 a5 22. Rxe8+ Rxe8 23. h3) 21... c5 $1 $19 22. Bxc5 Bg8 (22... Rb1+ $142 23. Kf2 Bf7) 23. Bd4 $2 {[#]} (23. h3 {is tougher.}) 23... Qd6 (23... c5 $142 $1 {[%mdl 512]} 24. Bxf6 (24. Bxc5 Qc7) 24... gxf6) 24. Rh4 $2 (24. Rexe4 Rb1+ 25. Kf2 Rxe4 26. Rxe4) 24... c5 {[%cal Bc7c5,Bc5d4][%mdl 32]} 25. Reh3 {intending Qg6.} cxd4 26. Qg6 Rb1+ {Black mates.} 27. Kf2 e3+ 28. Kf3 Rf1+ 29. Ke2 Bc4# {Precision: White = 23%, Black = 50%.} 0-1

[Event "RUS-chT Blitz Men 2018"]
[Site "Sochi"]
[Date "2018.10.10"]
[Round "8"]
[White "Lugovskoy, Maxim"]
[Black "Nechaev, Oleg"]
[Result "0-1"]
[WhiteElo "2428"]
[BlackElo "2400"]
[Annotator "TA"]
[PlyCount "82"]
[EventDate "2018.10.10"]
[EventType "swiss"]
[EventCountry "RUS"]
[SourceTitle "playchess.com"]
[Source "ChessBase"]
[SourceQuality "1"]

{[%evp 9,81,-94,-59,-66,-57,-55,-60,-87,-73,-85,-84,-113,-104,-172,-166,-188,-192,-220,-174,-197,-226,-202,-197,-452,-445,-596,-588,-678,-639,-603,-651,-609,-575,-782,-757,-1237,-1177,-29982,-29983,-29981,-3210,-29987,-29988,-29988,-29988,-29986,-6587,-29986,-29987,-29987,-29987,-29991,-29992,-29996,-29997,-29997,-29994,-29994,-29992,-29993,-29994,-29995,-29996,-29996,-29996,-29996,-29996,-29996,-29997,-29997,-29998,-29998,-29999,-29999]} 1. e4 c5 2. c3 Nc6 3. Nf3 d5 4. e5 Bg4 5. d4 (5. Bb5 Qb6 6. Na3 e6 7. O-O a6 8. Bxc6+ Qxc6 9. Nc2 Ne7 10. h3 Bh5 11. d4 c4 12. Ne3 h6 13. Bd2 {0-1 (48) Apicella,M (2501)-Lagarde,M (2615) Cannes 2018}) 5... cxd4 6. cxd4 {B22: Sicilian: 2 c3} Bxf3 7. gxf3 e6 8. Nc3 {Black is slightly better.} Nge7 $146 ({Predecessor:} 8... Qb6 9. Bb5 Nge7 10. a3 a6 11. Ba4 Nf5 12. Ne2 {½-½ (73) Mdoe,Y (1722)-Nsubuga,H (2139) Kamwokya 2015}) 9. Be3 Nf5 10. Bd3 Nfxd4 11. Bxd4 (11. f4 $17) 11... Nxd4 $19 12. Qa4+ Nc6 13. f4 Be7 14. f5 O-O 15. f6 Bb4 16. Qd1 $2 {[#]} (16. O-O-O) 16... g6 17. f4 d4 {[%cal Bd5d4,Bd4c3,Bc3b2][%mdl 32]} 18. a3 dxc3 19. axb4 cxb2 20. Rb1 Qd5 21. Rg1 Rfd8 22. Rg3 Nxb4 23. Ke2 Nxd3 24. Qxd3 Qa2 (24... Qc6 $142 25. Rd1 Rxd3 26. Rgxd3 Qe4+ 27. Kf2 Qxd3 28. Rxd3 b1=Q 29. Re3 Rd8 30. Re1 Rd2+ 31. Re2 Rxe2+ 32. Kxe2 b5 33. Kf2 b4 34. Ke3 Qe1+ 35. Kd4 Qc3+ 36. Ke4 b3 37. f5 gxf5+ 38. Kf4 Qh3 39. Kg5 Qg4+ 40. Kh6 Qh4#) 25. Qc2 Rac8 26. Qe4 Rc1 27. Rd3 Rdc8 (27... Rd5 $142 28. Rxb2 Qxb2+ 29. Ke3 Re1+ 30. Kf3 Rxe4 31. Rc3 Qxc3+ 32. Kg4 Rdxe5 33. h3 h5+ 34. Kh4 Rxf4#) 28. Qd4 R1c2+ {Black mates.} 29. Ke3 h5 ({Worse is} 29... Qxb1 {[#]} 30. Qd8+ $1 {[%mdl 512]} Rxd8 31. Rxd8#) 30. f5 Qxb1 31. fxg6 Qg1+ 32. Kf3 Qxd4 33. Rxd4 R8c3+ 34. Kf4 Rc4 35. Kg5 Rxd4 36. h4 Rg4+ 37. Kh6 Rxg6+ 38. Kxh5 Rg3 39. Kh6 Kf8 40. h5 Rh2 41. Kh7 Rxh5# {Precision: White = 27%, Black = 71%.} 0-1

[Event "RUS-chT Blitz Men 2018"]
[Site "Sochi"]
[Date "2018.10.10"]
[Round "8"]
[White "Apryshko, Gleb"]
[Black "Pogromsky, Mikhail"]
[Result "0-1"]
[WhiteElo "2399"]
[BlackElo "2415"]
[Annotator "TA"]
[PlyCount "102"]
[EventDate "2018.10.10"]
[EventType "swiss"]
[EventCountry "RUS"]
[SourceTitle "playchess.com"]
[Source "ChessBase"]
[SourceQuality "1"]

{[%evp 10,102,-6,0,15,14,29,12,29,27,20,-12,0,0,65,63,64,58,80,50,90,-52,-61,-72,-14,-60,0,-63,0,0,0,0,0,0,0,-213,-191,-210,-201,-196,-143,-625,-627,-813,-816,-1862,0,0,0,0,0,-761,0,0,0,-725,-666,-1877,-995,-2103,-2100,-1856,-1828,-1768,-1734,-2691,-2668,-5385,-4918,-5110,-1495,-3249,-3006,-29984,-29985,-29985,-29982,-29985,-29985,-29995,-29993,-29993,-29994,-29997,-29998,-29998,-29994,-29994,-29994,-29994,-29991,-29991,0,-29994,-29992]} 1. e4 Nf6 2. Nc3 d5 3. e5 Nfd7 4. d4 c5 5. e6 fxe6 6. Nf3 {LiveBook: 37 Games. B02: Alekhine's Defence: Chase Variation and lines with early Nc3} a6 (6... Nc6 7. Bb5 g6 8. h4 Bg7 9. Bxc6 bxc6 10. Ng5 Nf6 11. h5 gxh5 12. Bf4 O-O 13. Be5 Qe8 14. Nf3 cxd4 15. Bxd4 {0-1 (34) Petenyi,T (2443)-Ivanchuk,V (2733) Novi Sad 2016}) 7. dxc5 Nc6 8. Be3 {White has an edge.} Nf6 $1 9. Na4 $146 {Strongly threatening Nb6.} e5 $1 10. Nb6 Rb8 11. c3 e4 (11... e6 $11) 12. Nd4 $1 $14 e5 13. Nxc6 bxc6 14. Qa4 Qc7 15. O-O-O ({Don't play} 15. Nxc8 Rxc8 16. b4 (16. Qxa6 Ng4 $14) (16. Bxa6 Ra8 $15) 16... Ra8 $11) (15. Bxa6 $16 Bf5 16. Rd1) 15... Be6 $1 $15 16. g4 h6 ({Weaker is} 16... Nxg4 17. Nxd5 Bxd5 18. Rxd5 $16) (16... a5 $17) 17. h4 Be7 ({Avoid the trap} 17... Nxg4 $2 18. Nxd5 Qb7 19. b3 $18) (17... Kf7 $15 18. Bh3 Nxg4) 18. Bh3 (18. Be2 $1 $11) 18... Kf7 ({Black should play} 18... Nd7 $15 19. b4 Bxh4) 19. g5 $11 hxg5 {[#] aiming for ...Bxh3.} 20. Bxe6+ Kxe6 21. hxg5 Ng4 22. Nxd5 $2 (22. Rxh8 $11 Rxh8 23. Qxa6) 22... cxd5 $19 23. Qxa6+ Kf5 24. Rxh8 Rxh8 25. Rg1 $2 {[%mdl 8192]} (25. b4 $17) 25... Bxc5 26. Bxc5 Qxc5 27. Qb7 Rh4 $2 (27... Qxf2 $19 28. Qd7+ Kg6 29. Qxd5 Qxg1+ 30. Qd1 Qg2 31. Qd6+ Kxg5 32. Qd2+ Qxd2+ 33. Kxd2 Rh2+ 34. Kc1 e3 35. a3 e4 36. Kb1 e2 37. Ka2 e1=Q 38. Kb3 Qd1+ 39. Kb4 Rxb2+ 40. Kc5 Nf6 41. Kc6 Qd7+ 42. Kc5 Qd5#) 28. Qf7+ $11 Kxg5 {Hoping for ...g6.} 29. Qxg7+ Kf5 {[#]} 30. Qf7+ $2 {[%mdl 8192]} (30. Rxg4 $1 $11 {[%mdl 512]} Rxg4 31. Qf7+ Kg5 32. Qg7+ Kf5 33. Qf7+ Kg5 34. Qg7+ Kh5 35. Qh7+ Kg5 36. Qg7+) 30... Kg5 31. Qg7+ $1 Kf5 32. Qf7+ Nf6 33. Rg6 {[%csl Gg6][%cal Rf7f6]} Qb6 34. Rg7 Rh1+ 35. Kc2 Qxf2+ 36. Kb3 Qb6+ 37. Ka3 Rh6 38. Rg2 e3 39. Qg7 Rh5 40. Rg3 e4 41. Qg6+ Ke6 42. Qg7 Qd6+ 43. Kb3 d4 44. cxd4 Rb5+ 45. Kc2 Qxd4 46. b3 Rc5+ 47. Kb1 Qd2 {[%csl Gc5][%cal Rd2c1]} 48. Rg1 e2 49. Qg3 Qd1+ 50. Kb2 Qd2+ 51. Kb1 Qd3+ {Precision: White = 37%, Black = 53%.} 0-1

[Event "RUS-chT Blitz Men 2018"]
[Site "Sochi"]
[Date "2018.10.10"]
[Round "8"]
[White "Tekeyev, Zaur"]
[Black "Oganian, Miran"]
[Result "1-0"]
[WhiteElo "2392"]
[BlackElo "2435"]
[Annotator "TA"]
[PlyCount "125"]
[EventDate "2018.10.10"]
[EventType "swiss"]
[EventCountry "RUS"]
[SourceTitle "playchess.com"]
[Source "ChessBase"]
[SourceQuality "1"]

{[%evp 9,125,14,36,12,20,0,35,-19,-21,-30,-31,-4,-26,-22,-28,-33,12,0,22,23,38,38,78,79,41,6,25,31,46,1,31,37,114,126,167,153,142,131,779,193,2068,1883,29990,631,631,617,637,637,617,606,5210,89,132,133,631,322,270,67,56,49,1067,1045,970,926,1070,726,862,753,1651,1659,1651,1547,657,0,1258,1252,1154,1174,1106,951,915,775,29978,29971,29968,29966,29965,29966,29972,29972,29971,29965,29968,0,29967,665,29976,29977,29977,29978,29978,29979,29979,29979,29979,29980,29979,29980,29983,29984,29985,29986,29987,29988,29988,29988,29988,29989]} 1. e4 c5 2. Nf3 e6 3. d4 cxd4 4. Nxd4 Nc6 5. Nc3 Qc7 6. g4 {B47: Sicilian: Taimanov: 5 Nc3 Qc7 6 f4, 6 g3 and 6 Be2} a6 7. h4 Bb4 $146 ({Predecessor:} 7... b5 8. Nxc6 dxc6 9. Qf3 e5 10. g5 Be6 11. Bh3 Bxh3 12. Rxh3 Bc5 13. Bd2 O-O-O {1-0 (25) Carlsen,M (2837)-Kasimdzhanov,R (2683) Riadh 2017}) 8. Rh3 (8. Nxc6 $14 Bxc3+ 9. bxc3 dxc6 10. f4) 8... Nf6 $11 9. Bg2 d5 10. Nxc6 bxc6 11. g5 Nxe4 12. Bxe4 Qe5 {...Qxe4+ is the strong threat.} 13. Bd2 dxe4 14. Qe2 O-O 15. O-O-O c5 16. Nxe4 Bb7 17. Ng3 Bxd2+ 18. Rxd2 Qf4 19. Qe3 (19. Nh5 $5 {[%cal Rh5f4]} Qf5 20. Rb3 $11) 19... Qc4 20. b3 Qb5 (20... Qb4 $14) 21. h5 $16 {[%cal Bh4h5,Bh5h6][%mdl 32]} c4 22. h6 cxb3 23. axb3 Rfc8 $2 {[%mdl 8192] [#]} (23... g6 $16) 24. Nh5 $2 (24. g6 $1 {[%mdl 512]} hxg6 (24... fxg6 25. Qxe6+) 25. hxg7 Kxg7 26. Qh6+ Kf6 27. Qf4+ Ke7 28. Qd6+ Kf6 29. Rh7) 24... Qf1+ $2 (24... Qa5 25. Kb2 Be4 $1 {[%mdl 512]}) 25. Kb2 $18 {Threatening mate with Qe5!} Be4 {[#]} 26. Qxe4 (26. Qd4 $142 $1 {[%mdl 512]} Kf8 27. hxg7+ Kg8 28. Nf6+ Kxg7 29. Nxe4+ Kg8 30. Nf6+ Kf8 31. Nxh7+ Kg8 32. Nf6+ Kf8 33. Rh8+ Kg7 34. Nh5+ Kg6 35. Qf6#) 26... Qxh3 27. Qd4 {[%csl Gh5,Gh6][%cal Rd4g7]} f6 28. Qd7 {[%csl Gh5,Gh6][%cal Rd7g7]} Qc3+ 29. Kb1 {[%csl Gh5,Gh6][%cal Rd7g7]} Qc7 30. Qxe6+ $2 (30. hxg7 $18 {[%cal Rh5f6] and the rest is easy.} Qxd7 31. Rxd7) 30... Qf7 $16 {[#]} 31. Qg4 $1 $40 {[%mdl 128] White wants a kill.} f5 $2 {[%mdl 8192]} (31... Rd8 $16 32. Rxd8+ Rxd8) 32. Qf3 Rd8 33. Rxd8+ $2 ({But not} 33. hxg7 $6 Rab8 $16) ({White should play} 33. Nxg7 $18 {Strongly threatening Nh5.} Qg6 34. Re2) 33... Rxd8 $14 34. hxg7 $18 {[%mdl 4096] Endgame aiming for Nf6+. KQR-KQN} Re8 $2 {[%mdl 8192]} (34... a5 $14) 35. Nf6+ Kxg7 36. Nxe8+ Qxe8 37. Qxf5 {KQ-KQ} Qe1+ 38. Kb2 a5 39. Qf6+ Kg8 40. Qd8+ Kg7 41. Qf6+ (41. f4 $142 Qe2 42. Qf6+ Kg8 43. f5) 41... Kg8 42. g6 hxg6 43. Qxg6+ Kf8 44. Qf6+ Ke8 45. f4 {Black must now prevent Qe5+.} Qb4 46. Qe5+ Kd7 47. Qd5+ Ke7 48. f5 a4 49. Qe6+ Kf8 50. Qf6+ Ke8 51. Qe6+ Kf8 $1 52. f6 (52. Qc8+ $142 Ke7 {[#]} 53. f6+ $1 {[%mdl 512]} Kf7 54. Qc4+ Qxc4 55. bxc4 a3+ 56. Kxa3 Kxf6 57. c5) 52... axb3 {[#]} 53. Qe7+ $1 {[%mdl 512] White mates.} Qxe7 54. fxe7+ Kxe7 55. Kxb3 {KP-K} Kd6 56. Kc4 Kc6 57. c3 {[%cal Bc2c3,Bc3c4,Bc4c5][%mdl 32]} Kb6 58. Kd5 Kb7 59. Kc5 Kc7 60. c4 Kc8 61. Kc6 Kb8 62. Kd7 Kb7 63. c5 {Precision: White = 51%, Black = 20%.} 1-0

[Event "RUS-chT Blitz Men 2018"]
[Site "Sochi"]
[Date "2018.10.10"]
[Round "8"]
[White "Gogolev, Artem"]
[Black "Remizov, Yaroslav"]
[Result "1/2-1/2"]
[WhiteElo "2389"]
[BlackElo "2315"]
[Annotator "TA"]
[PlyCount "25"]
[EventDate "2018.10.10"]
[EventType "swiss"]
[EventCountry "RUS"]
[SourceTitle "playchess.com"]
[Source "ChessBase"]
[SourceQuality "1"]

{[%evp 16,25,31,22,41,25,43,36,44,44,81,39]} 1. c4 e6 2. g3 d5 3. Bg2 Nf6 4. Nf3 dxc4 5. Qa4+ c6 6. Qxc4 b5 7. Qc2 Bb7 8. O-O Nbd7 {A13: Reti-Eröffnung} (8... Be7 9. d3 O-O 10. a4 a6 11. Nc3 Nbd7 12. Rd1 Rc8 13. h3 Qb6 14. e4 c5 15. Be3 Rfd8 16. Rac1 h6 17. axb5 axb5 {1-0 (73) Duda,J (2737)-Karjakin,S (2773) chess.com INT 2018}) 9. Nc3 {LiveBook: 108 Partien} b4 10. Ne4 $146 ({Vorgänger:} 10. Na4 Rc8 11. b3 c5 12. d3 Bd6 13. Nb2 O-O 14. Nc4 Qe7 15. a3 Bb8 16. Bd2 {1-0 (53) Sandmeier,T (2211)-Conrad,M (1984) Germany 2009}) 10... c5 11. Nxf6+ Nxf6 12. a3 Be7 {[#]} 13. d4 $1 {[%mdl 512]} 1/2-1/2

[Event "RUS-chT Blitz Men 2018"]
[Site "Sochi"]
[Date "2018.10.10"]
[Round "8"]
[White "Ozgibcev, Anatoly"]
[Black "Sychev, Klementy"]
[Result "0-1"]
[WhiteElo "2368"]
[BlackElo "2534"]
[Annotator "RC"]
[PlyCount "92"]
[EventDate "2018.10.10"]
[EventType "swiss"]
[EventCountry "RUS"]
[SourceTitle "playchess.com"]
[Source "ChessBase"]
[SourceQuality "1"]
[TimeControl "180+2"]

1. e4 {[%emt 0:00:00]} c5 {[%emt 0:00:00]} 2. c3 {[%emt 0:00:00]} d5 {[%emt 0:00:03]} 3. exd5 {[%emt 0:00:01]} Qxd5 {[%emt 0:00:01]} 4. d4 {[%emt 0:00:01]} Nf6 {[%emt 0:00:02]} 5. Nf3 {[%emt 0:00:01]} e6 {[%emt 0:00:00]} 6. Na3 {[%emt 0:00:01]} Nc6 {[%emt 0:00:01]} 7. Nb5 {[%emt 0:00:02]} Qd8 {[%emt 0:00:02]} 8. dxc5 {[%emt 0:00:02]} Bxc5 {[%emt 0:00:03]} 9. Qxd8+ {[%emt 0:00:02]} Kxd8 {[%emt 0:00:01]} 10. Bg5 {[%emt 0:00:01]} Ke7 {[%emt 0:00:08]} 11. Rd1 {[%emt 0:00:05]} h6 {[%emt 0:00:02]} 12. Bh4 {[%emt 0:00:02]} g5 {[%emt 0:00:08]} 13. Bg3 {[%emt 0:00:01]} Ne4 {[%emt 0:00:01]} 14. Nbd4 {[%emt 0:00:26]} Nxg3 {[%emt 0:00:30]} 15. Nxc6+ {[%emt 0:00:11]} bxc6 {[%emt 0:00:01]} 16. hxg3 {[%emt 0:00:01]} Bd7 {[%emt 0:00:13]} 17. Ne5 {[%emt 0:00:09]} Be8 {[%emt 0:00:01]} 18. Be2 {[%emt 0:00:03]} Rb8 {[%emt 0:00:04]} 19. b3 {[%emt 0:00:11]} Bd6 {[%emt 0:00:06]} 20. Nc4 {[%emt 0:00:06]} Bc7 {[%emt 0:00:02]} 21. O-O {[%emt 0:00:14]} h5 {[%emt 0:00:02]} 22. Ne3 {[%emt 0:00:16]} g4 {[%emt 0:00:17]} 23. Rfe1 {[%emt 0:00:03]} Be5 {[%emt 0:00:11]} 24. Rd3 {[%emt 0:00:06]} Rd8 {[%emt 0:00:05]} 25. Red1 {[%emt 0:00:05]} Rxd3 {[%emt 0:00:06]} 26. Rxd3 {[%emt 0:00:01]} f5 {[%emt 0:00:02]} 27. b4 {[%emt 0:00:15]} Bg6 {[%emt 0:00:08]} 28. Nc4 {[%emt 0:00:02]} Bc7 {[%emt 0:00:04]} 29. Rd2 {[%emt 0:00:08]} h4 {[%emt 0:00:04]} 30. gxh4 Rxh4 {[%emt 0:00:01]} 31. g3 {[%emt 0:00:03]} Rh8 {[%emt 0:00:04]} 32. Bf1 {[%emt 0:00:01]} f4 {[%emt 0:00:24]} 33. Bg2 {[%emt 0:00:13]} fxg3 {[%emt 0:00:10]} 34. fxg3 {[%emt 0:00:01]} Bxg3 {[%emt 0:00:04]} 35. Bxc6 {[%emt 0:00:01]} Bf4 {[%emt 0:00:04]} 36. Rd4 {[%emt 0:00:04]} e5 {[%emt 0:00:07]} 37. Rd7+ {[%emt 0:00:02]} Kf6 {[%emt 0:00:01]} 38. Nd6 {[%emt 0:00:03]} Rh2 {[%emt 0:00:10]} 39. Ne4+ {[%emt 0:00:07]} Bxe4 {[%emt 0:00:07]} 40. Bxe4 {[%emt 0:00:02]} Rxa2 {[%emt 0:00:02]} 41. c4 {[%emt 0:00:11]} Be3+ {[%emt 0:00:04]} 42. Kf1 {[%emt 0:00:01]} g3 {[%emt 0:00:01]} 43. Rd6+ {[%emt 0:00:03]} Kg5 {[%emt 0:00:01]} 44. Rg6+ {[%emt 0:00:02]} Kf4 {[%emt 0:00:01]} 45. Bd5 {[%emt 0:00:03]} e4 {[%emt 0:00:06]} 46. Rf6+ {[%emt 0:00:02]} Ke5 0-1